Lyrics |
You | | 99.1% | you | | 99.1% | You | | 99.1% | you. | | 99.1% | You | | 99.1% | you | | 99.1% | you | | 99.1% | you | | 99.1% | you | | 99.1% | you | | 99.1% | you | | 99.1% | You | | 99.1% | you | | 99.1% | you. | | 99.1% | You | | 99.1% | You | | 99.1% | you | | 99.1% | you | | 99.1% | you | | 99.1% | you | | 99.1% | you | | 99.1% | you | | 99.1% | you | | 99.1% | to | | 96.7% | to | | 96.7% | to | | 96.7% | to | | 96.7% | do, | | 96.2% | girl. | | 96.2% | girl. | | 96.2% | do. | | 96.2% | girl. | | 96.2% | girl. | | 96.2% | the | | 94.8% | the | | 94.8% | a | | 94.8% | and | | 94.8% | the | | 94.8% | a | | 94.8% | the | | 94.8% | a | | 94.8% | and | | 94.8% | the | | 94.8% | a | | 94.8% | the | | 94.8% | the | | 94.8% | | | 94.8% | | | 94.8% | | | 94.8% | | | 94.8% | | | 94.8% | | | 94.8% | too. | | 93.9% | too | | 93.9% | too | | 93.9% | me | | 93% | baby | | 93% | Baby, | | 93% | me, | | 93% | me. | | 93% | me, | | 93% | me. | | 93% | baby, | | 93% | baby. | | 93% | baby, | | 93% | Baby, | | 93% | me, | | 93% | me. | | 93% | me, | | 93% | me. | | 93% | baby, | | 93% | baby. | | 93% | baby, | | 93% | baby | | 93% | me, | | 93% | I'm | | 92.5% | I'm | | 92.5% | I'm | | 92.5% | I'm | | 92.5% | I'm | | 92.5% | I'm | | 92.5% | your | | 91.5% | your | | 91.5% | wanna | | 91.1% | wanna | | 91.1% | wanna | | 91.1% | wanna | | 91.1% | wanna | | 91.1% | jealous, | | 90.6% | jealous, | | 90.6% | jealous | | 90.6% | Jealous, | | 90.6% | jealous, | | 90.6% | jealous | | 90.6% | jealous, | | 90.6% | jealous, | | 90.6% | jealous | | 90.6% | Jealous, | | 90.6% | jealous, | | 90.6% | jealous | | 90.6% |
|
|
Lyrics |
show | | 80.8% | life | | 80.3% | life; | | 80.3% | gangster | | 79.3% | BE | | 78.9% | B-E | | 78.9% | BE | | 78.9% | B-E | | 78.9% | B-E | | 78.9% | be | | 78.9% | cheerleader. | | 78.4% | same, | | 78.4% | same, | | 78.4% | cheerleader. | | 78.4% | feel | | 77.5% | feel | | 77.5% | I'll | | 76.1% | what | | 73.2% | boy, | | 73.2% | boy, | | 73.2% | lead | | 72.3% | girls | | 72.3% | girls, | | 72.3% | you're | | 70.9% | You're | | 70.9% | AGGRESSIVE | | 70.9% | AGGRESSIVE | | 70.9% | AGGRESSIVE | | 70.9% | AGGRESSIVE | | 70.9% | A-G-G-R-E-S-S-I-V-E | | 70.9% | all | | 70% | all | | 70% | got | | 68.1% | got | | 68.1% | him | | 67.1% | about | | 67.1% | him | | 67.1% | him | | 67.1% | him | | 67.1% | down, | | 65.7% | down, | | 65.7% | down. | | 65.7% | down, | | 65.7% | down, | | 65.7% | down | | 65.7% | for | | 64.3% | that | | 63.4% | loud, | | 62.9% | things | | 62.4% | it's | | 62.4% | good | | 62% | Cause | | 61% | now. | | 60.6% | leader. | | 60.1% | leader. | | 60.1% | out | | 59.2% | Bring | | 59.2% | Bring | | 59.2% | said, | | 55.9% | tell | | 55.4% | more | | 54.9% | important | | 54.5% | over | | 54.5% | Whoop! | | 53.5% | house | | 53.1% | house | | 53.1% | who's | | 52.6% | who's | | 52.6% | gangsta | | 49.3% | know | | 48.4% | march | | 46.5% | my | | 46% | man, | | 41.3% | am. | | 41.3% | than | | 40.8% | better | | 39.4% | C'mon | | 39% | C'mon | | 39% | not | | 39% | C'mon | | 39% | off | | 38.5% | give | | 37.1% | should | | 36.2% | hook, | | 34.7% | one's | | 34.7% | done | | 34.3% | done, | | 34.3% | deceiver. | | 30.5% | ya | | 29.6% | ya | | 29.6% | ya | | 29.6% | sing | | 27.2% | cheerleaders. | | 27.2% | night | | 26.3% | BAM! | | 25.8% | Whoopin' | | 23.5% | Whoopin | | 23.5% | Think | | 16% | whatcha | | 9.4% |
|
Comments